[Event "Cto Aragón Equipos Div Honor Titulo"]
[Site "Aragon"]
[Date "2015.03.21"]
[Round "9.10"]
[White "Aparicio Navarro, Pedro"]
[Black "Gomez Anadon, Daniel"]
[Result "0-1"]
[WhiteElo "2154"]
[BlackElo "2249"]
[PlyCount "52"]
[EventDate "2015.02.21"]
[WhiteTeam "Helios"]
[BlackTeam "St. Casablanca B"]

1. Nf3 Nf6 2. c4 e6 3. Nc3 d5 4. d4 c6 5. cxd5 exd5 6. Bg5 Be7 7. Qc2 g6 8. e3
Bf5 9. Bd3 Bxd3 10. Qxd3 O-O 11. O-O Nbd7 12. Rab1 a5 13. Ne5 Nxe5 14. dxe5 Nd7
15. Bxe7 Qxe7 16. f4 f6 17. exf6 Rxf6 18. Qd4 Re8 19. Rf3 Re6 20. Re1 Qb4 21.
Qxb4 axb4 22. Nb1 d4 23. Kf2 Nc5 24. Rd1 dxe3+ 25. Ke2 Re4 26. a3 Ne6 0-1

[Event "Cto Aragón Equipos Div Honor Titulo"]
[Site "Aragon"]
[Date "2015.03.21"]
[Round "9.11"]
[White "Cortes Lizano, Jesus"]
[Black "Navarro Alonso, Jorge"]
[Result "1/2-1/2"]
[WhiteElo "2128"]
[BlackElo "2145"]
[PlyCount "38"]
[EventDate "2015.02.21"]
[WhiteTeam "St. Casablanca B"]
[BlackTeam "Helios"]

1. d4 d5 2. c4 c6 3. Nf3 Nf6 4. Nc3 e6 5. cxd5 cxd5 6. Bg5 Nc6 7. e3 Be7 8. Bb5
Bd7 9. O-O O-O 10. Bxc6 Bxc6 11. Ne5 Rc8 12. Rc1 Nd7 13. Bxe7 Qxe7 14. Nxc6
Rxc6 15. Ne2 Rfc8 16. Qd2 Rxc1 17. Rxc1 Qd8 18. Rxc8 Qxc8 19. Qc3 Qc6 1/2-1/2

[Event "Cto Aragón Equipos Div Honor Titulo"]
[Site "Aragon"]
[Date "2015.03.21"]
[Round "9.12"]
[White "Munoz Munoz, Juan Carlos"]
[Black "Arregui Untoria, Carlos"]
[Result "0-1"]
[WhiteElo "2055"]
[BlackElo "2072"]
[PlyCount "96"]
[EventDate "2015.02.21"]
[WhiteTeam "Helios"]
[BlackTeam "St. Casablanca B"]

1. d4 Nf6 2. Nf3 e6 3. g3 c5 4. Bg2 cxd4 5. Nxd4 Nc6 6. O-O Be7 7. c4 a6 8. Nc3
O-O 9. h3 Qc7 10. Nc2 b6 11. Bf4 d6 12. b4 Bb7 13. c5 Rfd8 14. b5 axb5 15. Nxb5
Qb8 16. cxd6 e5 17. Be3 Bxd6 18. Bxb6 Bc7 19. Bxc7 Rxd1 20. Bxb8 Rxf1+ 21. Kxf1
Rxb8 22. a4 Na5 23. Bxb7 Rxb7 24. Rd1 g6 25. Nb4 Kg7 26. Nd3 Rd7 27. Rc1 e4 28.
Ne5 Rd5 29. Nc6 Nb3 30. Rc3 Rd1+ 31. Kg2 Nd2 32. a5 Nd5 33. Ra3 e3 34. fxe3 Nc4
35. Rd3 Ncxe3+ 36. Kf3 Rc1 37. Nbd4 f5 38. g4 Rf1+ 39. Kg3 f4+ 40. Kh2 Kh6 41.
g5+ Kxg5 42. Nf3+ Kh6 43. a6 Nf6 44. a7 Ra1 45. Rd8 Ne4 46. a8=Q Rf1 47. Rd1
Rf2+ 48. Kg1 Rg2+ 0-1

[Event "Cto Aragón Equipos D. Honor 7 al 10"]
[Site "Aragon"]
[Date "2015.03.21"]
[Round "9.13"]
[White "Hefty, Jorge W"]
[Black "Llanes Luno, Ricardo"]
[Result "1-0"]
[WhiteElo "2325"]
[BlackElo "2176"]
[PlyCount "93"]
[EventDate "2015.??.??"]
[WhiteTeam "Ibercaja"]
[BlackTeam "Delicias"]

1. d4 Nf6 2. c4 c5 3. d5 e6 4. Nc3 exd5 5. cxd5 d6 6. Nf3 g6 7. g3 Bg7 8. Bg2
O-O 9. O-O Na6 10. Nd2 Nc7 11. a4 b6 12. Rb1 Nd7 13. Qc2 a6 14. Nc4 Qe7 15. Bf4
Ne8 16. Ne4 Ne5 17. Nxb6 Rb8 18. Nxc8 Rxc8 19. Nd2 Rb8 20. Bxe5 Bxe5 21. Nc4
Nc7 22. Na5 Rb6 23. Nc6 Qf6 24. b4 Bc3 25. bxc5 Rxb1 26. Rxb1 dxc5 27. Rb3 Be5
28. Qxc5 Bd6 29. Qc3 Qg5 30. e4 Re8 31. Rb7 Qh5 32. Bf3 Qg5 33. e5 Rxe5 34.
Nxe5 Bxe5 35. Qc6 Qd8 36. Rb6 Bd4 37. Rb1 Be5 38. Rd1 Bd6 39. Be2 a5 40. Qb6
Qe7 41. Bf3 h5 42. Qxa5 h4 43. Qc3 hxg3 44. hxg3 Qg5 45. Kg2 f5 46. Rh1 Ne8 47.
Qh8+ 1-0

[Event "Cto Aragón Equipos D. Honor 7 al 10"]
[Site "Aragon"]
[Date "2015.03.21"]
[Round "9.14"]
[White "Roche Simon, Manuel Angel"]
[Black "Gines Abad, Pedro"]
[Result "1-0"]
[WhiteElo "2144"]
[BlackElo "2036"]
[PlyCount "125"]
[EventDate "2015.??.??"]
[WhiteTeam "Delicias"]
[BlackTeam "Ibercaja"]

1. e4 d5 2. exd5 Qxd5 3. Nc3 Qd8 4. d4 Nf6 5. Bc4 c6 6. Nf3 Bf5 7. Ne5 e6 8. g4
Be4 9. Nxe4 Nxe4 10. Nxf7 Kxf7 11. Qf3+ Nf6 12. g5 Qxd4 13. gxf6 gxf6 14. Qe2
Qe5 15. Be3 Bb4+ 16. Kf1 Nd7 17. c3 Bc5 18. Rd1 Nf8 19. Bxc5 Qxc5 20. Bxe6+
Nxe6 21. Rd7+ Qe7 22. Qh5+ Kf8 23. Qh6+ Ke8 24. Rxe7+ Kxe7 25. Rg1 Raf8 26. Qe3
b6 27. f4 Kf7 28. Qe4 Rc8 29. f5 Ng7 30. Qc4+ Kf8 31. Qd4 Ne8 32. Kf2 Rc7 33.
Re1 Re7 34. Re6 Kf7 35. Qc4 Rxe6 36. Qxe6+ Kf8 37. Qxc6 Rg8 38. a4 Rg7 39. a5
Rc7 40. Qe6 bxa5 41. Kf3 Re7 42. Qa6 Re5 43. Kf4 Re7 44. Qxa5 Ng7 45. Qd8+ Kf7
46. Qd5+ Kf8 47. Qd6 Kf7 48. Qd5+ Kf8 49. c4 Ne8 50. Qa8 Kf7 51. b4 Ng7 52.
Qd5+ Kf8 53. c5 Ne8 54. Qa8 Kf7 55. Qd5+ Kf8 56. Qd8 Kf7 57. b5 Ng7 58. Qd5+
Kf8 59. b6 axb6 60. cxb6 Re5 61. Qd8+ Kf7 62. Qd7+ Kf8 63. b7 1-0

[Event "Cto Aragón Equipos D. Honor 7 al 10"]
[Site "Aragon"]
[Date "2015.03.21"]
[Round "9.15"]
[White "Castillo Sanjuan, Daniel"]
[Black "Lamas Mercadal, Manuel"]
[Result "0-1"]
[WhiteElo "1998"]
[BlackElo "2127"]
[PlyCount "102"]
[EventDate "2015.??.??"]
[WhiteTeam "Ibercaja"]
[BlackTeam "Delicias"]

1. e4 e6 2. d4 d5 3. Nd2 Be7 4. c3 c5 5. e5 Nc6 6. Ndf3 Qa5 7. Bd2 Qb6 8. Qb3
cxd4 9. cxd4 Qxb3 10. axb3 Bd7 11. Nh3 Nh6 12. Nf4 Nf5 13. Bc3 g5 14. g4 Nfxd4
15. Nxd4 gxf4 16. Nc2 h5 17. Rg1 hxg4 18. Rxg4 Rxh2 19. Rxf4 Rh5 20. Rg4 Nxe5
21. Rg8+ Bf8 22. Be2 Rh1+ 23. Kd2 Rxa1 24. Nxa1 Ng6 25. Bd3 O-O-O 26. Kd1 Bh6
27. Rxd8+ Kxd8 28. b4 Bf4 29. b5 Ne5 30. Bf1 Nc4 31. b3 Nd6 32. b6 axb6 33. Nc2
e5 34. Nb4 d4 35. Bb2 Bg4+ 36. Kc2 Bf5+ 37. Kd1 Be4 38. Be2 f6 39. f3 Bc6 40.
Kc2 Nf5 41. Nd3 Bg5 42. Ba3 Ne3+ 43. Kb2 Nd5 44. Kc2 Nf4 45. Nxf4 Bxf4 46. Kd1
Kd7 47. Ke1 Be3 48. Bf8 Ke6 49. Kf1 f5 50. Bg7 Bd5 51. b4 b5 0-1

[Event "Cto Aragón Equipos D. Honor 7 al 10"]
[Site "Aragon"]
[Date "2015.03.21"]
[Round "9.16"]
[White "Neila Castillo, Miguel Angel"]
[Black "Garcia Monterde, Francisco Jos"]
[Result "1-0"]
[WhiteElo "2116"]
[BlackElo "1939"]
[PlyCount "51"]
[EventDate "2015.??.??"]
[WhiteTeam "Delicias"]
[BlackTeam "Ibercaja"]

1. c4 e5 2. Nc3 Nf6 3. g3 d5 4. cxd5 Nxd5 5. Bg2 Nb6 6. Nf3 Nc6 7. O-O Be7 8.
a3 Be6 9. b4 a6 10. d3 f6 11. Bb2 O-O 12. Rc1 Qd7 13. Ne4 Rad8 14. Nc5 Bxc5 15.
Rxc5 e4 16. Ne1 exd3 17. Nxd3 Bd5 18. Qc2 Bxg2 19. Kxg2 Rfe8 20. Nf4 Kh8 21.
Rh5 h6 22. Rxh6+ gxh6 23. Bxf6+ Kg8 24. Qg6+ Kf8 25. Qxh6+ Kg8 26. Qh8+ 1-0

[Event "Cto Aragón Equipos D. Honor 7 al 10"]
[Site "Aragon"]
[Date "2015.03.21"]
[Round "9.18"]
[White "Bailo Remacha, Santiago"]
[Black "Laliena Solanes, Luis"]
[Result "0-1"]
[WhiteElo "2036"]
[BlackElo "2150"]
[PlyCount "86"]
[EventDate "2015.??.??"]
[WhiteTeam "El Olivar B"]
[BlackTeam "ONCE Aragon"]

1. d4 Nf6 2. Nf3 e6 3. c4 Bb4+ 4. Nc3 b6 5. a3 Bxc3+ 6. bxc3 Bb7 7. g3 Nc6 8.
Bg2 Na5 9. Qa4 Qe7 10. c5 Bc6 11. Qc2 bxc5 12. Bf4 c4 13. O-O Nb3 14. Ra2 Be4
15. Qd1 d6 16. Nd2 Bxg2 17. Kxg2 Nxd2 18. Rxd2 Qd7 19. Rb2 O-O 20. Qc2 Qc6+ 21.
f3 Rfb8 22. Rfb1 Rb6 23. e4 Rab8 24. a4 Rxb2 25. Rxb2 Rxb2 26. Qxb2 Qb6 27. Qb4
Qxb4 28. cxb4 Kf8 29. Kf2 Ke7 30. Ke2 Kd7 31. Kd2 d5 32. e5 Ng8 33. Kc3 a6 34.
Bd2 Ne7 35. g4 Kc6 36. Kc2 Kb6 37. Kd1 Nc6 38. Bc3 a5 39. b5 Nb4 40. Kd2 Nd3
41. Ke3 Nc1 42. Bb2 Na2 43. Ba3 Nc3 0-1

[Event "Cto Aragón Equipos D. Honor 7 al 10"]
[Site "Aragon"]
[Date "2015.03.21"]
[Round "9.19"]
[White "Cobo Garrido, Diego Israel"]
[Black "Correas Marcen, Jose Maria"]
[Result "1-0"]
[WhiteElo "2040"]
[BlackElo "2001"]
[PlyCount "115"]
[EventDate "2015.??.??"]
[WhiteTeam "ONCE Aragon"]
[BlackTeam "El Olivar B"]

1. e4 g6 2. d4 Bg7 3. Nc3 d6 4. Be3 Nd7 5. Qd2 e5 6. O-O-O exd4 7. Bxd4 Bxd4 8.
Qxd4 Qf6 9. Qd2 Ne7 10. f4 O-O 11. Nf3 a6 12. g4 b5 13. g5 Qg7 14. h4 b4 15.
Nb1 a5 16. h5 Nc5 17. hxg6 hxg6 18. Qd4 Qxd4 19. Nxd4 Nxe4 20. Bg2 Bb7 21. Rde1
Nf5 22. Bxe4 Bxe4 23. Rxe4 Ng3 24. Rhe1 Nxe4 25. Rxe4 Rfe8 26. Nd2 Kg7 27. Kd1
Rxe4 28. Nxe4 Rh8 29. Nf6 Rh1+ 30. Kd2 Ra1 31. Ne8+ Kf8 32. Nxc7 Rxa2 33. b3 a4
34. bxa4 Rxa4 35. Nd5 b3 36. Nxb3 Ke8 37. Kd3 Kd8 38. Nd4 Ra3+ 39. c3 Kd7 40.
Nf6+ Ke7 41. Ne4 Ra1 42. Kc4 Re1 43. Kd5 Rf1 44. Nxd6 Rxf4 45. Nc6+ Kd7 46.
Ne5+ Kc7 47. Ndxf7 Rf1 48. c4 Rf2 49. c5 Rf1 50. Nd6 Rg1 51. Ne4 Rd1+ 52. Ke6
Re1 53. Nd6 Rc1 54. c6 Rc5 55. Ne8+ Kd8 56. Nf6 Kc7 57. Nd5+ Kd8 58. c7+ 1-0

[Event "Cto Aragón Equipos Div Honor Descenso"]
[Site "Aragon"]
[Date "2015.03.21"]
[Round "9.21"]
[White "Garcia Vicente, Nieves"]
[Black "Cebrian Valverde, Jose Antonio"]
[Result "1-0"]
[WhiteElo "2171"]
[BlackElo "2140"]
[PlyCount "165"]
[EventDate "2015.02.21"]
[WhiteTeam "Caissa"]
[BlackTeam "San Jose"]

1. d4 d5 2. c4 e6 3. Nc3 Be7 4. Nf3 Nf6 5. Bg5 h6 6. Bxf6 Bxf6 7. e3 O-O 8. Qd2
c5 9. dxc5 Qa5 10. cxd5 Bxc3 11. Qxc3 Qxc3+ 12. bxc3 exd5 13. Nd4 Bd7 14. Rb1
b6 15. cxb6 axb6 16. Rxb6 Rxa2 17. Bd3 Ra1+ 18. Bb1 Rc8 19. Kd2 Kf8 20. Nc2 Ra5
21. Nb4 Be6 22. Bd3 Nd7 23. Ra6 Rac5 24. Rc1 Ne5 25. Be2 Nc4+ 26. Bxc4 dxc4 27.
Ke2 Rg5 28. g3 Rd8 29. Nc6 Rc8 30. Nd4 Bf5 31. Nxf5 Rxf5 32. Rca1 g6 33. Ra8
Rfc5 34. e4 Rxa8 35. Rxa8+ Ke7 36. Ke3 Rh5 37. h4 Rb5 38. Ra2 Rb7 39. Kd4 Rc7
40. Kd5 h5 41. e5 Rd7+ 42. Kxc4 Ke6 43. Re2 Kf5 44. Kc5 Rc7+ 45. Kb4 Rb7+ 46.
Kc4 Rc7+ 47. Kd3 Rd7+ 48. Kc2 Rc7 49. Re3 g5 50. hxg5 Kxg5 51. Re4 Kf5 52. Rh4
Kxe5 53. Rxh5+ Ke4 54. Rh4+ Ke5 55. c4 f5 56. Kc3 Rc8 57. Rf4 Rb8 58. c5 Rb1
59. Kc4 Rb2 60. c6 Kd6 61. Rxf5 Kxc6 62. Rf6+ Kd7 63. Kd5 Rd2+ 64. Ke5 Re2+ 65.
Kd4 Ke7 66. Rf4 Ra2 67. Ke4 Ke6 68. Kf3 Ke5 69. Rf8 Ra3+ 70. Kg4 Ke6 71. f3 Ke7
72. Rf4 Ra5 73. Rf5 Ra8 74. Kf4 Ra4+ 75. Kg5 Ra8 76. g4 Rh8 77. Kg6 Rh4 78. g5
Ra4 79. Kg7 Ke6 80. Rf6+ Ke7 81. f4 Ra1 82. f5 Ke8 83. Re6+ 1-0

[Event "Cto Aragón Equipos Div Honor Descenso"]
[Site "Aragon"]
[Date "2015.03.21"]
[Round "9.22"]
[White "Gimeno Oteo, Marco Antonio"]
[Black "Gil Capape, Marco Antonio"]
[Result "1/2-1/2"]
[WhiteElo "2072"]
[BlackElo "2073"]
[PlyCount "89"]
[EventDate "2015.02.21"]
[WhiteTeam "San Jose"]
[BlackTeam "Caissa"]

1. e4 e6 2. d4 d5 3. Nc3 Bb4 4. e5 c5 5. Bd2 Ne7 6. Nb5 Bxd2+ 7. Qxd2 O-O 8. f4
a6 9. Na3 Qb6 10. c3 cxd4 11. cxd4 Nbc6 12. Nf3 Nf5 13. Nc2 Qxb2 14. Rd1 Qxa2
15. g4 Nfe7 16. Ra1 Qb2 17. Bd3 Qb6 18. O-O Bd7 19. Rab1 Qa7 20. Qf2 f5 21.
exf6 Rxf6 22. Ng5 Ng6 23. f5 h6 24. Nh7 Kxh7 25. fxg6+ Kg8 26. Qe3 Rff8 27. g5
e5 28. gxh6 Nxd4 29. Nxd4 Qxd4 30. h7+ Kh8 31. Rxf8+ Rxf8 32. Qxd4 exd4 33.
Rxb7 Bg4 34. Bxa6 Rd8 35. Bd3 Bf3 36. Kf2 Be4 37. Ke2 Ra8 38. Bxe4 dxe4 39. Re7
Ra2+ 40. Kd1 Ra1+ 41. Kc2 d3+ 42. Kb2 Ra8 43. Rxe4 d2 44. Kc2 Rc8+ 45. Kxd2
1/2-1/2

[Event "Cto Aragón Equipos Div Honor Descenso"]
[Site "Aragon"]
[Date "2015.03.21"]
[Round "9.23"]
[White "Alonso Fdez-Revuelta, Rodrigo"]
[Black "Gutierrez Mingueza, Ruben"]
[Result "1/2-1/2"]
[WhiteElo "2024"]
[BlackElo "2076"]
[PlyCount "110"]
[EventDate "2015.02.21"]
[WhiteTeam "Caissa"]
[BlackTeam "San Jose"]

1. e4 c5 2. Nf3 Nc6 3. Bb5 g6 4. O-O Bg7 5. c3 Nf6 6. e5 Nd5 7. d4 cxd4 8. cxd4
O-O 9. Nc3 Nc7 10. Bf4 Nxb5 11. Nxb5 a6 12. Nc3 d5 13. Qb3 e6 14. Rac1 f6 15.
exf6 Bxf6 16. Bh6 Rf7 17. Ne2 Na5 18. Qc3 Nc4 19. b3 Nd6 20. Bf4 Ne4 21. Qe3
Bg7 22. Be5 Nf6 23. h3 Qf8 24. Ng5 Bh6 25. f4 Bxg5 26. fxg5 Ne8 27. Rxf7 Qxf7
28. Qf4 Qxf4 29. Nxf4 Bd7 30. Kf2 Rc8 31. Rxc8 Bxc8 32. Ke3 Kf7 33. g4 Bd7 34.
h4 a5 35. a3 Bb5 36. h5 Bf1 37. h6 Bb5 38. Nh3 Ke7 39. Kf4 Bd3 40. Nf2 Bc2 41.
b4 axb4 42. axb4 Kd7 43. Ke3 Nd6 44. Bxd6 Kxd6 45. Kf4 b6 46. Nh1 Bd3 47. Ng3
Bb1 48. Nf1 Bc2 49. Ne3 Bd3 50. Nd1 Bc2 51. Nc3 Bb3 52. Nb1 Bc2 53. Nd2 Bd1 54.
Nf1 Be2 55. Ng3 Bd3 1/2-1/2

[Event "Cto Aragón Equipos Div Honor Descenso"]
[Site "Aragon"]
[Date "2015.03.21"]
[Round "9.24"]
[White "Baldellou Vicente, Roberto"]
[Black "Carraminana Lopez, Luis Antoni"]
[Result "0-1"]
[WhiteElo "1989"]
[BlackElo "1968"]
[PlyCount "98"]
[EventDate "2015.02.21"]
[WhiteTeam "San Jose"]
[BlackTeam "Caissa"]

1. d4 d5 2. Nc3 c6 3. e4 dxe4 4. Nxe4 Bf5 5. Ng3 Bg6 6. h4 h6 7. Nf3 Nd7 8. h5
Bh7 9. Bd3 Bxd3 10. Qxd3 e6 11. Bf4 Qa5+ 12. c3 Ngf6 13. Ne5 Nxe5 14. Bxe5 Be7
15. Bxf6 gxf6 16. Ne4 O-O-O 17. Qc4 Rhg8 18. b4 Qd5 19. Qxd5 cxd5 20. Ng3 Bd6
21. Rh3 Rg5 22. Ke2 Bxg3 23. Rxg3 Rxg3 24. fxg3 Rg8 25. Kf3 f5 26. Rh1 Rg4 27.
a4 Kd7 28. b5 f6 29. a5 Rg8 30. Re1 Rc8 31. Re3 Rc4 32. g4 fxg4+ 33. Kxg4 Rc8
34. Kf4 Rg8 35. g4 a6 36. bxa6 bxa6 37. Re1 Rb8 38. Rc1 Rb5 39. Ra1 Kd6 40. Ra3
Kc6 41. Ra4 Kd7 42. c4 dxc4 43. Rxc4 Rxa5 44. Rb4 Rb5 45. Rc4 a5 46. Ke4 Rb3
47. Ra4 Rb5 48. Rc4 Rb8 49. d5 Rb4 0-1

[Event "Cto Aragón Equipos Div Honor Descenso"]
[Site "Aragon"]
[Date "2015.03.21"]
[Round "9.25"]
[White "Donoso Sanchez, Alejandro"]
[Black "Salamero Pelay, Fernando"]
[Result "1-0"]
[WhiteElo "2218"]
[BlackElo "2164"]
[PlyCount "65"]
[EventDate "2015.02.21"]
[WhiteTeam "CMU Cerbuna"]
[BlackTeam "Club atletismo Huesca"]

1. e4 c5 2. Nc3 Nc6 3. g3 g6 4. Bg2 Bg7 5. d3 d6 6. f4 e5 7. Nh3 exf4 8. Bxf4
Nge7 9. O-O O-O 10. Qd2 Rb8 11. Bh6 Bxh3 12. Bxh3 b5 13. Bxg7 Kxg7 14. Rf4 Nd4
15. Raf1 b4 16. Nd1 Qa5 17. Ne3 Qxa2 18. Qf2 f5 19. exf5 gxf5 20. Nxf5+ Nexf5
21. Bxf5 Qxb2 22. Be4 Rxf4 23. gxf4 Nxc2 24. Qh4 Re8 25. Kh1 Kf8 26. Rg1 Rxe4
27. dxe4 Qc3 28. Qh6+ Ke8 29. Qe6+ Kd8 30. Qxd6+ Ke8 31. Rg8+ Kf7 32. Rf8+ Kg7
33. Qe7+ 1-0

[Event "Cto Aragón Equipos Div Honor Descenso"]
[Site "Aragon"]
[Date "2015.03.21"]
[Round "9.26"]
[White "Luis Vitalla, Fernando"]
[Black "Gella Bitrian, Diego"]
[Result "1/2-1/2"]
[WhiteElo "2143"]
[BlackElo "2033"]
[PlyCount "65"]
[EventDate "2015.02.21"]
[WhiteTeam "Club atletismo Huesca"]
[BlackTeam "CMU Cerbuna"]

1. d4 Nf6 2. c4 g6 3. f3 Bg7 4. e4 d6 5. Nc3 O-O 6. Bg5 Nbd7 7. Qd2 c6 8. Nh3
e5 9. d5 Qc7 10. Be2 Nb6 11. Rc1 Ne8 12. b4 Bxh3 13. gxh3 c5 14. O-O Qd7 15.
Be3 Rc8 16. Kg2 f5 17. Bd3 f4 18. Bf2 Qe7 19. Rc2 Nd7 20. a3 Qg5+ 21. Kh1 Qh5
22. Kg2 g5 23. Rb1 b6 24. Qd1 Qg6 25. Kh1 h5 26. Qg1 Nef6 27. Be1 Nh7 28. Rg2
Bf6 29. Bd2 Kf7 30. Qf2 a6 31. Rbg1 Rg8 32. Qe2 Qh6 33. Nd1 1/2-1/2

[Event "Cto Aragón Equipos Div Honor Descenso"]
[Site "Aragon"]
[Date "2015.03.21"]
[Round "9.27"]
[White "Sacristan Latorre, Alberto"]
[Black "Gella Lopez, Angel"]
[Result "1/2-1/2"]
[WhiteElo "2021"]
[BlackElo "2089"]
[PlyCount "117"]
[EventDate "2015.02.21"]
[WhiteTeam "CMU Cerbuna"]
[BlackTeam "Club atletismo Huesca"]

1. e4 c5 2. c3 Nf6 3. e5 Nd5 4. d4 cxd4 5. cxd4 e6 6. Nf3 b6 7. Bd3 Bb7 8. O-O
d6 9. Nc3 Nxc3 10. bxc3 Be7 11. Bb5+ Nc6 12. d5 exd5 13. Qxd5 Rc8 14. Ba3 dxe5
15. Qxe5 Kf8 16. Bxe7+ Qxe7 17. Qf5 g6 18. Qf4 Kg7 19. Rae1 Qf6 20. Qxf6+ Kxf6
21. Re4 Rhd8 22. Bc4 Rc7 23. Rfe1 Na5 24. Rf4+ Kg7 25. Bf1 Rxc3 26. Re7 Rf8 27.
Ne5 Bd5 28. a4 Rc1 29. f3 a6 30. Kf2 Nc6 31. Nxc6 Bxc6 32. Bxa6 Bd5 33. Rd4
Rc2+ 34. Kg3 Be6 35. Rd6 Bb3 36. Bb5 Ra2 37. Rxb6 Bxa4 38. Bc4 Rc2 39. Rc7 h5
40. Rbb7 Be8 41. h4 Rd2 42. Kh3 Rd1 43. Bb3 Rh1+ 44. Kg3 Re1 45. Kf2 Rh1 46.
Kg3 Re1 47. Bd5 Rd1 48. Bc4 Rd6 49. Re7 Rf6 50. Rbc7 Ba4 51. Bd5 Bb5 52. Bb3
Be8 53. Rb7 Bc6 54. Rbc7 Be8 55. Ra7 Bb5 56. Bd5 Be8 57. f4 Bb5 58. Kf3 Bd3 59.
g3 1/2-1/2

[Event "Cto Aragón Equipos Div Honor Descenso"]
[Site "Aragon"]
[Date "2015.03.21"]
[Round "9.28"]
[White "Laplaza Ara, Carlos"]
[Black "Colom Sienes, Eduardo"]
[Result "1-0"]
[WhiteElo "1954"]
[BlackElo "2005"]
[PlyCount "95"]
[EventDate "2015.02.21"]
[WhiteTeam "Club atletismo Huesca"]
[BlackTeam "CMU Cerbuna"]

1. g3 e5 2. Bg2 Nc6 3. c4 g6 4. d3 d6 5. Nf3 Bg7 6. Nc3 Nf6 7. O-O O-O 8. e4 h6
9. h3 Be6 10. Be3 Qd7 11. Kh2 g5 12. g4 Ne7 13. Ne2 Nxg4+ 14. hxg4 Bxg4 15.
Nfg1 f5 16. f3 f4 17. fxg4 Qxg4 18. Bf2 Qh5+ 19. Bh3 g4 20. Nc3 f3 21. Nd5 Ng6
22. Ne3 gxh3 23. Nf5 Rxf5 24. exf5 e4 25. Bg3 Be5 26. Nxf3 Bxg3+ 27. Kxg3 exf3
28. Qxf3 Qh4+ 29. Kh2 Ne5 30. Rg1+ Kh7 31. Qg3 Qxg3+ 32. Rxg3 Rf8 33. Rf1 h5
34. Kxh3 Ng4 35. Kh4 Kh6 36. Rf4 Ne5 37. b3 c5 38. Rg5 Nxd3 39. Rxh5+ Kg7 40.
Rg4+ Kf7 41. Rg6 Ke8 42. Rxd6 Nf4 43. Rg5 Ke7 44. Rd2 Rh8+ 45. Kg4 Nh3 46. Rh5
Rxh5 47. Kxh5 Kf6 48. Kg4 1-0

[Event "Cto Aragón Equipos Div Honor Descenso"]
[Site "Aragon"]
[Date "2015.03.21"]
[Round "9.29"]
[White "Fernandez Rubio, Rafael"]
[Black "Garcia Fernandez, Javier"]
[Result "0-1"]
[WhiteElo "2114"]
[BlackElo "2210"]
[PlyCount "83"]
[EventDate "2015.02.21"]
[WhiteTeam "Tauste"]
[BlackTeam "Teruel"]

1. e4 c5 2. Nf3 Nc6 3. d4 cxd4 4. Nxd4 g6 5. c4 Nf6 6. Nc3 d6 7. Be2 Nxd4 8.
Qxd4 Bg7 9. O-O O-O 10. Qd3 Be6 11. Be3 Nd7 12. f4 Qa5 13. Bd4 Bxd4+ 14. Qxd4
Qb6 15. Qxb6 Nxb6 16. Nd5 Bxd5 17. cxd5 Rac8 18. Rac1 Na4 19. Bg4 Rc5 20. b4
Rc3 21. Bd7 Ra3 22. Rf2 Nc3 23. Re1 Rxa2 24. Rxa2 Nxa2 25. Ra1 Nc3 26. Rxa7 Rb8
27. Kf2 Nxe4+ 28. Kf3 Nf6 29. Bc6 bxc6 30. dxc6 Nd5 31. Rb7 Rc8 32. b5 Kg7 33.
Ke4 Nc3+ 34. Kd3 Nxb5 35. Rxb5 Rxc6 36. g4 Rc1 37. Rb7 Kf6 38. g5+ Ke6 39. Rb2
Kf5 40. Ke3 Rc3+ 41. Ke2 Kxf4 42. Rb7 0-1

[Event "Cto Aragón Equipos Div Honor Descenso"]
[Site "Aragon"]
[Date "2015.03.21"]
[Round "9.30"]
[White "Dominguez Bujeda, Jesus"]
[Black "Sierra Aguerri, Joaquin"]
[Result "1-0"]
[WhiteElo "2135"]
[BlackElo "2053"]
[PlyCount "40"]
[EventDate "2015.02.21"]
[WhiteTeam "Teruel"]
[BlackTeam "Tauste"]

1. d4 Nf6 2. c4 d6 3. Nc3 g6 4. e4 Bg7 5. f3 c6 6. Bg5 a6 7. Qd2 b5 8. Bh6 Bxh6
9. Qxh6 Nbd7 10. Nh3 bxc4 11. Bxc4 d5 12. Bb3 Nf8 13. e5 Nh5 14. g4 Rg8 15.
gxh5 Bxh3 16. hxg6 Bf5 17. gxh7 Nxh7 18. Qxc6+ Bd7 19. Qxd5 Ng5 20. f4 Be6 1-0

[Event "Cto Aragón Equipos Div Honor Descenso"]
[Site "Aragon"]
[Date "2015.03.21"]
[Round "9.31"]
[White "Bogomilov Georgiev, Georgi Ii"]
[Black "Martin Catalan, Juan Vicente"]
[Result "0-1"]
[WhiteElo "2015"]
[BlackElo "2087"]
[PlyCount "125"]
[EventDate "2015.02.21"]
[WhiteTeam "Tauste"]
[BlackTeam "Teruel"]

1. e4 c5 2. Nf3 g6 3. d4 cxd4 4. Nxd4 Bg7 5. c4 Nc6 6. Be3 Nf6 7. Nc3 d6 8. Be2
O-O 9. O-O Nxd4 10. Bxd4 Be6 11. Qd2 Qa5 12. Rfd1 Rfc8 13. b3 Nd7 14. Nd5 Qd8
15. Bxg7 Kxg7 16. Nf4 Nf8 17. Qb2+ f6 18. Nxe6+ Nxe6 19. Bg4 Qg8 20. Rd5 h5 21.
Bh3 Rc5 22. Rxc5 Nxc5 23. Qd4 b6 24. g3 Ne6 25. Qe3 Ng5 26. Bg2 e5 27. Rd1 Rd8
28. f4 Ne6 29. f5 Nd4 30. fxg6 Qe8 31. Rf1 Qxg6 32. Bh3 Qg5 33. Qf2 Rf8 34. Bf5
Rg8 35. Kh1 Kh8 36. Rg1 h4 37. g4 Kg7 38. h3 Kh6 39. Rd1 Rg7 40. Re1 Rc7 41.
Rf1 Rg7 42. Bc8 Rf7 43. Rd1 Kg7 44. Qd2 Qxd2 45. Rxd2 Kh6 46. Kg2 Kg5 47. Rf2
Rc7 48. Ba6 Rc5 49. Kf1 Rc7 50. Ke1 Rc5 51. b4 Rc7 52. Kd2 Rc6 53. Ke3 Rc7 54.
Bb5 Rc8 55. a4 Rc7 56. Ba6 Rc6 57. Kd3 Rc7 58. Rd2 Kg6 59. Bb5 Rc8 60. Ke3 Rc7
61. Ra2 Kg5 62. a5 Nxb5 63. cxb5 0-1

[Event "Cto Aragón Equipos Div Honor Descenso"]
[Site "Aragon"]
[Date "2015.03.21"]
[Round "9.32"]
[White "Marin Tolosa, Guillermo"]
[Black "Sancho Casale, Jesus"]
[Result "0-1"]
[WhiteElo "1994"]
[BlackElo "1980"]
[PlyCount "102"]
[EventDate "2015.02.21"]
[WhiteTeam "Teruel"]
[BlackTeam "Tauste"]

1. d4 g6 2. Nf3 Bg7 3. e3 c5 4. c3 b6 5. dxc5 bxc5 6. Qd5 Qc7 7. Qxa8 Nf6 8.
Nfd2 Nc6 9. Na3 O-O 10. Nb5 Qb6 11. Nc4 Qxb5 12. Nd6 Qa5 13. Nxc8 Nd5 14. Bd2
Qc7 15. Ba6 Nb6 16. Qb7 Rxc8 17. Qxc7 Rxc7 18. Be2 d5 19. O-O c4 20. b3 Ne5 21.
f4 Ned7 22. Bf3 e6 23. e4 d4 24. Rac1 cxb3 25. axb3 dxc3 26. e5 Nxe5 27. Bxc3
Nd3 28. Bxg7 Rxc1 29. Bd4 Rxf1+ 30. Kxf1 Nxf4 31. Be5 Nbd5 32. Bb8 a6 33. g3
Nd3 34. Bxd5 exd5 35. Kg2 a5 36. Bc7 Nc5 37. Bxa5 Nxb3 38. Bc7 f6 39. Kf2 Kf7
40. Ke3 Ke6 41. Bb6 d4+ 42. Bxd4 Nxd4 43. Kxd4 Kf5 44. h3 h5 45. Ke3 Kg5 46.
Kf3 h4 47. Kf2 hxg3+ 48. Kxg3 f5 49. Kf3 Kh4 50. Kg2 g5 51. Kf3 Kxh3 0-1

[Event "Cto Aragón Equipos Pref Gr I"]
[Site "Aragon"]
[Date "2015.03.21"]
[Round "9.33"]
[White "Felez Casedas, Carlos"]
[Black "Ainsa Claver, Ignacio"]
[Result "1/2-1/2"]
[WhiteElo "2013"]
[BlackElo "1958"]
[PlyCount "47"]
[EventDate "2015.01.24"]
[WhiteTeam "La Aurora Estadilla B"]
[BlackTeam "Sabiñanigo"]

1. Nf3 Nf6 2. d4 e6 3. e3 d5 4. Bd3 Be7 5. O-O O-O 6. Nbd2 Nbd7 7. b3 b6 8. Bb2
Bb7 9. Ne5 Nxe5 10. dxe5 Ne4 11. Qe2 Nxd2 12. Qxd2 c5 13. Qe2 Qc7 14. f4 g6 15.
Ba6 Bxa6 16. Qxa6 c4 17. Bd4 Rfc8 18. c3 Qd7 19. b4 Rcb8 20. a4 Qb7 21. Qxb7
Rxb7 22. Rfb1 a6 23. Kf2 Rab8 24. Ra2 1/2-1/2

[Event "Cto Aragón Equipos Pref Gr I"]
[Site "Aragon"]
[Date "2015.03.21"]
[Round "9.34"]
[White "Climente Martinez, Jose Luis"]
[Black "Puertolas Serena, Arturo"]
[Result "1-0"]
[WhiteElo "1891"]
[BlackElo "1919"]
[PlyCount "41"]
[EventDate "2015.01.24"]
[WhiteTeam "Sabiñanigo"]
[BlackTeam "La Aurora Estadilla B"]

1. d4 Nf6 2. Nf3 g6 3. c4 d5 4. cxd5 Nxd5 5. e4 Nf6 6. Nc3 Bg7 7. Bc4 O-O 8. e5
Ne8 9. O-O c6 10. Be3 Nc7 11. Qb3 b5 12. Bd3 Be6 13. Qc2 Nd5 14. a3 Nd7 15. Ng5
Nxe3 16. fxe3 Bd5 17. Nxd5 cxd5 18. e6 fxe6 19. Bxg6 hxg6 20. Qxg6 Nf6 21. Nxe6
1-0